00330nam a2200121Ia 4500008004100000041000800041082001400049100002400063245004500087260003800132300003100170365000700201240624s9999 xx 000 0 und d aeng a658.3 RAO aRAO G SURYA PRAKASH aPEOPLE MANAGEMENT CHANGING PERCEPTIONS A c2001aHyderabadbICFAI University avii, : 174 : p. : cm. ; 23 cRS